Les saints et fêtes du jour selon le calendrier des postes ! 4e trim. - Statistiques

Statistiques générales
  • Ce quiz a été pris 5 fois
  • Le résultat moyen est 53 sur 92
Statistiques - réponses
Hint Réponse % Correct
DECEMBRE St + 497 *mbr**s* 7 Ambroise
100%
NOVEMBRE Ste + 1876 C*th*r*n* 25 Catherine
100%
OCTOBRE St + 272 D*n*s 9 Denis
100%
NOVEMBRE Ste + 1231 HABILETES 17 Elisabeth
100%
DECEMBRE St + 1er siècle NIENTEE 26 Etienne
100%
OCTOBRE St + 1226 Fr*nç**s d'*ss*s* 4 François d'Assise
100%
DECEMBRE St + 1106 LAGERD 5 Gérald
100%
OCTOBRE St + 959 *e*a** 3 Gérard
100%
OCTOBRE St + 1er siècle *u* 18 Luc
100%
DECEMBRE Ste + 305 12-21-3-9-5 13 Lucie
100%
DECEMBRE Naissance Christ 25 Noël
100%
OCTOBRE St + 303 S*rg* 7 Serge
100%
DECEMBRE St + 335 19-25-12-22-5-19-20-18-5 31 Sylvestre
100%
DECEMBRE St + 1370 U*b**n 19 Urbain
100%
OCTOBRE Ste + 1125 1-4-5-12-9-14-5 20 Adeline
67%
NOVEMBRE St + 1280 *lb*rt 15 Albert
67%
DECEMBRE Ste + 999 CLAIE 16 Alice
67%
DECEMBRE St + 1164 1-18-13-1-14-4 23 Armand
67%
NOVEMBRE Ste + 545 **d* 18 Aude
67%
DECEMBRE Ste + 303 B*rb*r* 4 Barbara
67%
OCTOBRE St + 879 2-1-21-4-15-21-9-14 17 Baudouin
67%
OCTOBRE Ste + 1292 BUENVINEE 30 Bienvenue
67%
NOVEMBRE St + 444 2-18-9-3-5 13 Brice
67%
OCTOBRE St + 1101 2-18-21-14-15 6 Bruno
67%
NOVEMBRE St + 99 3-12-5-13-5-14-20 23 Clément
67%
NOVEMBRE Ste + 1360 4-5-12-16-8-9-14-5 26 Delphine
67%
OCTOBRE St + 304 4-9-13-9-20-18-9 26 Dimitri
67%
OCTOBRE Ste + 1178 E*e*i*e 27 Emeline
67%
OCTOBRE St + 553 6-9-18-13-9-14 11 Firmin
67%
OCTOBRE Ste + 1347 FLUER 5 Fleur
67%
NOVEMBRE Ste + 854 FROLA 24 Flora
67%
OCTOBRE St + Viie siècle 6-12-15-18-5-14-20-9-14 24 Florentin
67%
NOVEMBRE St + 1115 GOFFOYER 8 Geoffroy
67%
OCTOBRE St + 909 G*r**d 13 Géraud
67%
OCTOBRE St + 681 LIGNAHIS 10 Ghislain
67%
NOVEMBRE St + 727 8-21-2-5-18-20 3 Hubert
67%
DECEMBRE St + 1er siècle J**n l'*p*tr* 27 Jean l'Apôtre
67%
DECEMBRE St + 650 10-21-4-9-3-1-5-12 17 Judicaël
67%
OCTOBRE St + 390 SUJET 14 Juste
67%
OCTOBRE St + 678 L*g*r 2 Léger
67%
NOVEMBRE St + 461 NOEL 10 Léon
67%
NOVEMBRE St + 520 12-5-15-14-1-18-4 6 Léonard
67%
NOVEMBRE Ste + 1093 13-1-18-7-21-5-18-9-20-5 16 Marguerite
67%
DECEMBRE St + 343 14-9-3-15-12-1-19 6 Nicolas
67%
OCTOBRE Ste + 457 16-5-12-1-7-9-5 8 Pélagie
67%
OCTOBRE St + 287 17-21-5-14-20-9-14 31 Quentin
67%
OCTOBRE St + 1642 NERE 19 René
67%
DECEMBRE St + 653 18-15-13-1-18-9-3 10 Romaric
67%
NOVEMBRE St + 250 19-1-20-21-18-14-9-14 29 Saturnin
67%
NOVEMBRE St + 540 REVIENS 27 Séverin
67%
NOVEMBRE St + 684 IDOINES 14 Sidoine
67%
OCTOBRE St + 1er siècle MOINS & DEJU 28 Simon & Jude
67%
NOVEMBRE Ste + 590 LEVISY 5 Sylvie
67%
NOVEMBRE St + 592 20-1-14-7-21-25 19 Tanguy
67%
NOVEMBRE St + 303 20-8-5-15-4-15-18-5 9 Théodore
67%
DECEMBRE St + 251 LEPIOTEHH 20 Théophile
67%
OCTOBRE St + 1582 ETHERES D'LAVAI 15 Thérèse d'Avila
67%
OCTOBRE Ste + 1897 20-8-5-18-5-19-5 / 4-5 /12 /5-10 1 Thérèse de l'E-J | Thérèse de l'Enfant-Jésus
67%
NOVEMBRE Tous les auréolés T**ss**nt 1 Toussaint
67%
DECEMBRE Ste + 363 VEINAIV 2 Viviane
67%
OCTOBRE St + 709 23-9-12-6-18-9-5-4 12 Wilfried
67%
DECEMBRE Ste + 735 A*e*e 24 Adèle
33%
NOVEMBRE St + 60 DARNE 30 André
33%
NOVEMBRE Guerre Fin de conflit 11 Armistice 1918
33%
NOVEMBRE Ste + 362 C*r*n* 7 Carine
33%
NOVEMBRE Ste + 230 *e*i*e 22 Cécile
33%
OCTOBRE Ste + 490 *e*i*e 21 Céline
33%
NOVEMBRE St + 1584 Ch*rl*s B*rr*m** 4 Charles Borromée
33%
NOVEMBRE St + 1003 ***i**ia* 12 Christian
33%
NOVEMBRE Monarque Jésus 20 Christ-Roi
33%
DECEMBRE St + Ve siècle *o*e**i* 12 Corentin
33%
OCTOBRE St + 286 PRINCE 25 Crépin
33%
DECEMBRE St + 493 ALDINE 11 Daniel
33%
NOVEMBRE Souvenirs des morts 2 Défunts
33%
OCTOBRE Ste + 1243 E**i*e 16 Edwige
33%
DECEMBRE Ste + 367 **o*e**e 1 Florence
33%
DECEMBRE Ste + 1917 FONCERAIS-VEXERAI 22 Françoise-Xavière
33%
DECEMBRE St + 300 GITANE 18 Gatien
33%
DECEMBRE Vierge Sans péché originel 8 Imm. Conception | Immaculée Conception
33%
NOVEMBRE St + 1476 J*cq**s d* l* M 28 Jacques de la M.
33%
OCTOBRE St + 1456 J**n d* C*p*str*n 23 Jean de Capistran
33%
OCTOBRE St + 215 *a**i**e 29 Narcisse
33%
DECEMBRE Ste + 335 *i*o* 15 Ninon
33%
DECEMBRE Ste + 720 IDOLE 14 Odile
33%
OCTOBRE Ste + 1er siècle SAMOLE 22 Salomé
33%
DECEMBRE Quadragésime Noël 3 Avent
0%
DECEMBRE Roi d'Israël Fils de Jessé 29 David
0%
DECEMBRE Bébés Bethléem 28 Innocents
0%
DECEMBRE St + 1597 *ie**e *a*i*iu* 21 Pierre Canisius
0%
DECEMBRE St + 1640 P**rr* F**r**r 9 Pierre Fourier
0%
NOVEMBRE Temple Vierge 21 Prés. de la V. Marie | Présentation de la Vierge Marie
0%
DECEMBRE Parents Christ 30 Sainte-Famille
0%
Aucun quiz correspondant
Distribution des résultats
% des personnes avec chaque résultat
Percentile par nombre de réponses
Votre historique - résultats
Vous n’avez pas pris ce quiz